000 00314 a2200145 4500
001 165634
020 _a
040 _cMagnum
100 _aHelps, Racey
240 1 0 _aTipinha e topinha no vale do mel
_lpor
245 1 0 _aTipinha e topinha no vale do mel
362 0 _a1899
697 _aIJ/GERAL
942 _cBK
999 _c165634
_d165634